[Event "Edmonton August op"]
[Site "Edmonton CAN"]
[Date "2005.08.18"]
[Round "3"]
[White "Rekhson, Vladislav"]
[Black "Hughey, Micah"]
[Result "1-0"]
[WhiteElo "2128"]
[BlackElo "1995"]
[PlyCount "65"]
[GameId "2160767910900657"]
[EventDate "2005.08.04"]
[EventType "swiss"]
[EventRounds "4"]
[EventCountry "CAN"]
[SourceTitle "EXT 2022"]
[Source "ChessBase"]
[SourceDate "2021.10.06"]
[SourceVersion "1"]
[SourceVersionDate "2021.10.06"]
[SourceQuality "1"]

1. e4 e5 2. Nf3 Nc6 3. Bb5 a6 4. Ba4 Nf6 5. O-O Be7 6. Re1 b5 7. Bb3 O-O 8. c3 d5 9. exd5 Nxd5 10. Nxe5 Nxe5 11. Rxe5 c6 12. g3 Bd6 13. Re1 Qd7 14. d4 Qh3 15. Be3 Re8 16. Bxd5 cxd5 17. Qf3 Ra7 18. Nd2 Rae7 19. a4 b4 20. c4 dxc4 21. Nxc4 Bb7 22. d5 Qd7 23. Na5 Ba8 24. Nc6 Re4 25. Red1 Bxc6 26. dxc6 Qxc6 27. Rac1 Qd7 28. Bc5 R4e6 29. Qd5 h6 30. Bxd6 Rxd6 31. Qxd6 Re1+ 32. Kg2 Qxd6 33. Rc8+ 1-0

[Event "Edmonton August op"]
[Site "Edmonton CAN"]
[Date "2005.08.25"]
[Round "4"]
[White "Hughey, Micah"]
[Black "Wihnon, Jason"]
[Result "1-0"]
[WhiteElo "1995"]
[BlackElo "1752"]
[PlyCount "35"]
[GameId "2160767910900658"]
[EventDate "2005.08.04"]
[EventType "swiss"]
[EventRounds "4"]
[EventCountry "CAN"]
[WhiteTeam "Canada"]
[BlackTeam "Canada"]
[WhiteTeamCountry "CAN"]
[BlackTeamCountry "CAN"]

1. e4 c5 2. c3 e6 3. d4 Nf6 4. e5 Nd5 5. Nf3 Nc6 6. c4 Nc7 7. d5 exd5 8. cxd5 Nd4 9. Nxd4 cxd4 10. Qxd4 d6 11. Bf4 Qe7 12. Nc3 g5 13. Bxg5 Qxg5 14. exd6 Bg7 15. Qe4+ Qe5 16. dxc7 Qxe4+ 17. Nxe4 Bxb2 18. Rd1 1-0

[Event "Edmonton Closed"]
[Site "Edmonton CAN"]
[Date "2005.01.06"]
[Round "1.1"]
[White "Fokkema, Jerred"]
[Black "Rekhson, Vladislav"]
[Result "0-1"]
[WhiteElo "1695"]
[BlackElo "2039"]
[PlyCount "74"]
[GameId "2160767911031626"]
[EventDate "2005.01.13"]
[EventType "k.o."]
[EventRounds "4"]
[EventCountry "CAN"]
[WhiteTeam "Canada"]
[BlackTeam "Canada"]
[WhiteTeamCountry "CAN"]
[BlackTeamCountry "CAN"]

1. e4 c5 2. Nf3 a6 3. d4 cxd4 4. Nxd4 Nf6 5. Nc3 e5 6. Nf5 d5 7. Bg5 d4 8. Bxf6 Qxf6 9. Nd5 Qc6 10. Ng3 Be6 11. a3 Bxd5 12. exd5 Qxd5 13. Bd3 Nc6 14. Be4 Qe6 15. O-O Be7 16. Re1 O-O 17. Nf5 g6 18. Bxc6 gxf5 19. Bxb7 Rab8 20. Bf3 Rxb2 21. Be2 Qc6 22. a4 Bb4 23. Rf1 a5 24. Qd3 e4 25. Qxd4 Rxc2 26. Qe3 Qg6 27. Bb5 Bd6 28. Rfd1 Bc5 29. Qh3 Rxf2 30. Kh1 e3 31. Rd5 Bb4 32. Kg1 Rc8 33. Bd3 Rc5 34. Rd8+ Kg7 35. g3 Qg4 36. Bxf5 Qxf5 37. Qxf5 Rcxf5 0-1

[Event "Edmonton Closed"]
[Site "Edmonton CAN"]
[Date "2005.01.06"]
[Round "1.1"]
[White "Sagert, David"]
[Black "Li, Zhichao"]
[Result "0-1"]
[WhiteElo "1810"]
[BlackElo "2210"]
[PlyCount "102"]
[GameId "2160767911031627"]
[EventDate "2005.01.13"]
[EventType "k.o."]
[EventRounds "4"]
[EventCountry "CAN"]
[WhiteTeam "Canada"]
[BlackTeam "Canada"]
[WhiteTeamCountry "CAN"]
[BlackTeamCountry "CAN"]

1. Nf3 Nf6 2. g3 c5 3. Bg2 g6 4. O-O Bg7 5. d3 Nc6 6. Nbd2 O-O 7. e4 d6 8. c3 Nd7 9. Ne1 Qc7 10. f4 f5 11. Nef3 Nf6 12. Ng5 Na5 13. Re1 h6 14. exf5 hxg5 15. fxg5 Bxf5 16. gxf6 Bxf6 17. Ne4 Nc6 18. Ng5 e5 19. Bd5+ Kg7 20. Be6 Qe7 21. Bxf5 gxf5 22. Nh3 Qd7 23. Rf1 Rh8 24. Ng5 Rag8 25. Qf3 Ne7 26. Ne4 Kf7 27. Nxf6 Kxf6 28. Bd2 Kf7 29. c4 Ke8 30. b4 f4 31. bxc5 Qh3 32. Qg2 fxg3 33. Qxh3 Rxh3 34. cxd6 gxh2+ 35. Kh1 Rxd3 36. Bb4 Nc6 37. a3 Rdg3 38. Rad1 Rg1+ 39. Kxh2 R1g7 40. Rd3 Kd7 41. c5 e4 42. Re3 Ne5 43. Rh3 Nf3+ 44. Rhxf3 exf3 45. Rxf3 Rh8+ 46. Rh3 Rxh3+ 47. Kxh3 Kc6 48. a4 Rg1 49. a5 a6 50. Bd2 Rd1 51. Be3 Rd3 0-1

[Event "Edmonton Closed"]
[Site "Edmonton CAN"]
[Date "2005.01.13"]
[Round "1.2"]
[White "Li, Zhichao"]
[Black "Sagert, David"]
[Result "1-0"]
[WhiteElo "2210"]
[BlackElo "1810"]
[PlyCount "63"]
[GameId "2160767911031629"]
[EventDate "2005.01.13"]
[EventType "k.o."]
[EventRounds "4"]
[EventCountry "CAN"]
[WhiteTeam "Canada"]
[BlackTeam "Canada"]
[WhiteTeamCountry "CAN"]
[BlackTeamCountry "CAN"]

1. e4 c6 2. d4 d5 3. exd5 cxd5 4. Bd3 Nf6 5. Nf3 e6 6. O-O Bd6 7. c3 Nbd7 8. Qe2 Qc7 9. c4 b6 10. Nc3 Bb7 11. Nb5 Qb8 12. Nxd6+ Qxd6 13. b3 O-O 14. Bb2 Rfe8 15. Ne5 Rac8 16. a4 Qb4 17. Ba3 Qxb3 18. Rfc1 Nxe5 19. dxe5 Ne4 20. f3 Nc5 21. Bc2 Qxc4 22. Bxh7+ Kxh7 23. Rxc4 dxc4 24. Qxc4 Bd5 25. Qh4+ Kg8 26. Rc1 Nb3 27. Rxc8 Rxc8 28. Qe7 a5 29. Qd6 Rc6 30. Qf8+ Kh7 31. Qxf7 Rc4 32. Bf8 1-0

[Event "Edmonton Closed"]
[Site "Edmonton CAN"]
[Date "2005.01.20"]
[Round "2"]
[White "Gardner, Robert"]
[Black "Gonzalez, Ivan1"]
[Result "1-0"]
[WhiteElo "2246"]
[BlackElo "1803"]
[PlyCount "101"]
[GameId "2160767911031630"]
[EventDate "2005.01.13"]
[EventType "k.o."]
[EventRounds "4"]
[EventCountry "CAN"]
[SourceTitle "EXT 2008"]
[Source "ChessBase"]
[SourceDate "2007.11.25"]
[SourceVersion "1"]
[SourceVersionDate "2007.11.25"]
[SourceQuality "1"]

1. d4 d5 2. e3 Nf6 3. Bd3 c5 4. c3 Nc6 5. Nd2 e5 6. dxc5 e4 7. Bc2 Bxc5 8. b4 Bb6 9. Ne2 Ne5 10. Nb3 Bg4 11. Nbd4 O-O 12. O-O Rc8 13. f3 exf3 14. gxf3 Bh3 15. Rf2 Re8 16. Nf4 Be6 17. Bd2 Nc4 18. Kh1 Bd7 19. Rg2 Nxe3 20. Bxe3 Rxe3 21. Qg1 Rexc3 22. Rxg7+ Kf8 23. Nh5 Bxd4 24. Qg5 Be6 25. Re1 Rxc2 26. Rxf7+ Ke8 27. Rf8+ Ke7 28. Rxd8 Rxd8 29. Qg7+ Kd6 30. Nxf6 Be5 31. Ne8+ Rxe8 32. Qxe5+ Kd7 33. Rg1 Rxa2 34. Rg7+ Re7 35. Rxe7+ Kxe7 36. f4 Kd7 37. f5 Bf7 38. Qg7 Ke7 39. Qxh7 Kf6 40. Kg1 Rc2 41. Qh3 Rc4 42. Qf3 b6 43. Kf2 d4 44. b5 Rc2+ 45. Ke1 Rxh2 46. Qc6+ Kxf5 47. Qf3+ Ke6 48. Qe4+ Kd7 49. Qxd4+ Kc8 50. Qc3+ Kd7 51. Qc6+ 1-0

[Event "Edmonton Closed"]
[Site "Edmonton CAN"]
[Date "2005.01.27"]
[Round "2"]
[White "Gonzalez, Ivan1"]
[Black "Gardner, Robert"]
[Result "0-1"]
[WhiteElo "1803"]
[BlackElo "2246"]
[PlyCount "98"]
[GameId "2160767911031631"]
[EventDate "2005.01.13"]
[EventType "k.o."]
[EventRounds "4"]
[EventCountry "CAN"]
[SourceTitle "EXT 2008"]
[Source "ChessBase"]
[SourceDate "2007.11.25"]
[SourceVersion "1"]
[SourceVersionDate "2007.11.25"]
[SourceQuality "1"]

1. d4 Nf6 2. c4 e6 3. g3 d5 4. Bg2 dxc4 5. Nc3 c6 6. Nf3 Be7 7. O-O O-O 8. Ne5 Nd5 9. Nxc4 b5 10. Ne5 Bb7 11. a3 Nd7 12. Nd3 Qb6 13. e4 Nxc3 14. bxc3 c5 15. Be3 c4 16. Nf4 Qa5 17. Qc2 Nb6 18. Rfd1 Na4 19. Ne2 Rad8 20. h4 a6 21. Bf4 Qb6 22. Rdb1 Qa7 23. Rd1 Qa8 24. f3 f6 25. Kh2 h6 26. Ng1 g5 27. e5 f5 28. Be3 Kg7 29. h5 g4 30. Rf1 Rd7 31. Qc1 Rh8 32. Qc2 gxf3 33. Bxf3 Bxf3 34. Rxf3 Qe8 35. Nh3 Qxh5 36. Kg2 Bg5 37. Rh1 Qg6 38. Bf4 Nb6 39. Kf2 Nd5 40. Rg1 Qh5 41. Kg2 Bxf4 42. gxf4 Kf8 43. Rg3 Rg7 44. Rxg7 Ne3+ 45. Kh2 Nxc2 46. Ra7 Qe8 47. Rxa6 Rg8 48. Rb1 Ne3 49. Rb2 Qg6 0-1

[Event "Edmonton Closed"]
[Site "Edmonton CAN"]
[Date "2005.01.20"]
[Round "2.1"]
[White "Dean, Tim"]
[Black "Li, Zhichao"]
[Result "0-1"]
[WhiteElo "1902"]
[BlackElo "2210"]
[PlyCount "98"]
[GameId "2160767911031632"]
[EventDate "2005.01.13"]
[EventType "k.o."]
[EventRounds "4"]
[EventCountry "CAN"]
[WhiteTeam "Canada"]
[BlackTeam "Canada"]
[WhiteTeamCountry "CAN"]
[BlackTeamCountry "CAN"]

1. e4 c6 2. d4 d5 3. Nc3 dxe4 4. Nxe4 Bf5 5. Ng3 Bg6 6. Nf3 Nd7 7. h4 h6 8. h5 Bh7 9. Bd3 Bxd3 10. Qxd3 Ngf6 11. Bd2 e6 12. O-O-O Be7 13. Ne4 Nxe4 14. Qxe4 Nf6 15. Qe2 Qd5 16. c4 Qe4 17. Rhe1 Qxe2 18. Rxe2 Nxh5 19. d5 cxd5 20. cxd5 O-O 21. dxe6 fxe6 22. Rxe6 Rac8+ 23. Kb1 Bc5 24. Bc3 Nf4 25. Re4 Rc7 26. Be5 Rcf7 27. b4 Bb6 28. Bd6 Rd8 29. Rd2 Nxg2 30. Rg4 Rxf3 31. Rxg2 Bc7 32. Rg6 Rf6 33. Be7 Rxg6 34. Bxd8 Rd6 35. Rxd6 Bxd6 36. b5 Kf7 37. Kc2 Ke6 38. Kd3 Kd5 39. Ba5 h5 40. a4 h4 41. Ke2 h3 42. Kf1 Bf4 43. Be1 Ke4 44. a5 g5 45. Kg1 g4 46. a6 b6 47. Ba5 Bc7 48. Bd2 Kd3 49. Bg5 Kc4 0-1

[Event "Edmonton Closed"]
[Site "Edmonton CAN"]
[Date "2005.02.02"]
[Round "2.1"]
[White "Hughey, Micah"]
[Black "Rekhson, Vladislav"]
[Result "0-1"]
[WhiteElo "2088"]
[BlackElo "2039"]
[PlyCount "56"]
[GameId "2160767911031633"]
[EventDate "2005.01.13"]
[EventType "k.o."]
[EventRounds "4"]
[EventCountry "CAN"]
[WhiteTeam "Canada"]
[BlackTeam "Canada"]
[WhiteTeamCountry "CAN"]
[BlackTeamCountry "CAN"]

1. e4 c5 2. Nf3 e6 3. c3 d5 4. exd5 exd5 5. d4 Nf6 6. Be3 c4 7. b3 b5 8. a4 Qa5 9. b4 Qa6 10. Nbd2 Bd6 11. Qc2 O-O 12. g3 Ng4 13. Bg2 Re8 14. O-O Rxe3 15. fxe3 Nxe3 16. Qb1 Bf5 17. Qe1 Nxf1 18. Qe8+ Bf8 19. Ng5 Qf6 20. Bxd5 Nd7 21. Qxa8 Nxd2 22. Nxf7 Be6 23. Bxe6 Qxe6 24. Nd8 Qe3+ 25. Kh1 Nb6 26. Qxa7 Qf3+ 27. Kg1 Nxa4 28. Qa6 h6 0-1

[Event "Edmonton Closed"]
[Site "Edmonton CAN"]
[Date "2005.01.27"]
[Round "2.2"]
[White "Li, Zhichao"]
[Black "Dean, Tim"]
[Result "1-0"]
[WhiteElo "2210"]
[BlackElo "1902"]
[PlyCount "41"]
[GameId "2160767911031634"]
[EventDate "2005.01.13"]
[EventType "k.o."]
[EventRounds "4"]
[EventCountry "CAN"]
[WhiteTeam "Canada"]
[BlackTeam "Canada"]
[WhiteTeamCountry "CAN"]
[BlackTeamCountry "CAN"]

1. e4 e5 2. f4 Be7 3. Nc3 exf4 4. Bc4 Nf6 5. e5 O-O 6. exf6 Bxf6 7. Qf3 Bxc3 8. bxc3 Re8+ 9. Ne2 Qe7 10. d4 Nc6 11. O-O Ne5 12. dxe5 Qc5+ 13. Nd4 Qxc4 14. Bxf4 Rb8 15. Qg3 g6 16. e6 dxe6 17. Bxc7 Ra8 18. Be5 Qc5 19. Qg5 f5 20. Qf6 Qe7 21. Qh8+ 1-0

[Event "Edmonton Closed"]
[Site "Edmonton CAN"]
[Date "2005.02.02"]
[Round "2.2"]
[White "Rekhson, Vladislav"]
[Black "Hughey, Micah"]
[Result "0-1"]
[WhiteElo "2039"]
[BlackElo "2088"]
[PlyCount "59"]
[GameId "2160767911031635"]
[EventDate "2005.01.13"]
[EventType "k.o."]
[EventRounds "4"]
[EventCountry "CAN"]
[WhiteTeam "Canada"]
[BlackTeam "Canada"]
[WhiteTeamCountry "CAN"]
[BlackTeamCountry "CAN"]

1. e4 e5 2. Nf3 Nc6 3. Bb5 a6 4. Bxc6 dxc6 5. O-O Qd6 6. d4 exd4 7. Nxd4 Bd7 8. Nc3 O-O-O 9. Nb3 f5 10. Qf3 Qf6 11. Be3 fxe4 12. Nxe4 Qxf3 13. gxf3 Be7 14. Rad1 Nf6 15. Rfe1 Bf5 16. Bd4 Rhe8 17. c3 b6 18. Ng3 Bd7 19. Nd2 c5 20. Bxf6 Bxf6 21. Nde4 Be5 22. Ng5 Bf4 23. Nf7 Rxe1+ 24. Rxe1 Re8 25. Re4 Rxe4 26. fxe4 Be6 27. Ne2 Bd2 28. Ne5 Bxa2 29. Nf3 Bh6 30. Ne5 0-1

[Event "Edmonton Closed"]
[Site "Edmonton CAN"]
[Date "2005.02.02"]
[Round "2.3"]
[White "Rekhson, Vladislav"]
[Black "Hughey, Micah"]
[Result "1-0"]
[WhiteElo "2025"]
[BlackElo "2022"]
[PlyCount "31"]
[GameId "2160767911031636"]
[EventDate "2005.01.13"]
[EventType "k.o."]
[EventRounds "4"]
[EventCountry "CAN"]
[WhiteTeam "Canada"]
[BlackTeam "Canada"]
[WhiteTeamCountry "CAN"]
[BlackTeamCountry "CAN"]

1. e4 e5 2. Nf3 Nc6 3. Bb5 a6 4. Ba4 Nf6 5. d3 Bc5 6. c3 b5 7. Bb3 O-O 8. O-O d5 9. exd5 Nxd5 10. Nxe5 Nxe5 11. d4 Bb7 12. dxc5 Qh4 13. Bxd5 Rad8 14. Qd4 Ng4 15. h3 Bxd5 16. Qxg4 1-0

[Event "Edmonton Closed"]
[Site "Edmonton CAN"]
[Date "2005.02.03"]
[Round "3.1"]
[White "Li, Zhichao"]
[Black "Haynes, Nicolas"]
[Result "1-0"]
[WhiteElo "2210"]
[BlackElo "2050"]
[PlyCount "71"]
[GameId "2160767911031637"]
[EventDate "2005.01.13"]
[EventType "k.o."]
[EventRounds "4"]
[EventCountry "CAN"]
[WhiteTeam "Canada"]
[BlackTeam "Canada"]
[WhiteTeamCountry "CAN"]
[BlackTeamCountry "CAN"]

1. e4 d5 2. exd5 Qxd5 3. Nc3 Qa5 4. d4 Nf6 5. Bc4 c6 6. Nf3 Bf5 7. O-O e6 8. Ne5 Nbd7 9. Nxd7 Kxd7 10. Bf4 Rd8 11. a3 Kc8 12. Qf3 Bd6 13. Bxd6 Rxd6 14. b4 Qd8 15. d5 Bg4 16. Qf4 exd5 17. Bd3 h6 18. b5 c5 19. Rfb1 c4 20. Bf1 Qd7 21. Qd4 Kb8 22. a4 Re8 23. a5 Qe7 24. Qc5 Rd7 25. Qd4 Qe5 26. Qd2 d4 27. Na4 c3 28. Qc1 Bf5 29. Qa3 Ng4 30. g3 Be4 31. Nc5 Rde7 32. Nxe4 Qxe4 33. Qd6+ Ka8 34. a6 Qxc2 35. axb7+ Rxb7 36. Rxa7+ 1-0

[Event "Edmonton Closed"]
[Site "Edmonton CAN"]
[Date "2005.02.03"]
[Round "3.1"]
[White "Rekhson, Vladislav"]
[Black "Gardner, Robert"]
[Result "1-0"]
[WhiteElo "2039"]
[BlackElo "2276"]
[PlyCount "75"]
[GameId "2160767911031638"]
[EventDate "2005.01.13"]
[EventType "k.o."]
[EventRounds "4"]
[EventCountry "CAN"]
[WhiteTeam "Canada"]
[BlackTeam "Canada"]
[WhiteTeamCountry "CAN"]
[BlackTeamCountry "CAN"]

1. e4 d6 2. Nf3 Nf6 3. Nc3 g6 4. d4 Bg7 5. Be2 O-O 6. h3 a6 7. a4 b6 8. O-O Bb7 9. d5 c6 10. Be3 Nbd7 11. Re1 Rc8 12. Bf1 cxd5 13. exd5 Rxc3 14. bxc3 Nxd5 15. Bd4 Nxc3 16. Qd3 Nd5 17. Bxg7 Kxg7 18. Qd4+ e5 19. Qd2 Nc5 20. Bc4 Nf4 21. Qe3 Qf6 22. Be2 e4 23. Nd4 d5 24. Ra3 h5 25. a5 bxa5 26. Rxa5 Rc8 27. Bf1 Rc7 28. Rb1 Bc8 29. Rb8 Qg5 30. Rxc5 Rxc5 31. Nf5+ Bxf5 32. Qxc5 Nxh3+ 33. Kh1 Nxf2+ 34. Qxf2 e3 35. Qe1 Be4 36. Qc3+ Qf6 37. Rg8+ Kxg8 38. Qxf6 1-0

[Event "Edmonton Closed"]
[Site "Edmonton CAN"]
[Date "2005.02.10"]
[Round "3.2"]
[White "Gardner, Robert"]
[Black "Rekhson, Vladislav"]
[Result "0-1"]
[WhiteElo "2246"]
[BlackElo "2025"]
[PlyCount "70"]
[GameId "2160767911031639"]
[EventDate "2005.01.13"]
[EventType "k.o."]
[EventRounds "4"]
[EventCountry "CAN"]
[WhiteTeam "Canada"]
[BlackTeam "Canada"]
[WhiteTeamCountry "CAN"]
[BlackTeamCountry "CAN"]

1. g3 e5 2. Bg2 d5 3. d3 Nf6 4. Nf3 Bd6 5. O-O O-O 6. Nbd2 h6 7. c4 d4 8. a3 a5 9. b3 c5 10. Rb1 Nc6 11. Ne1 Ra7 12. Nc2 Qc7 13. f3 Be6 14. Ne4 Nxe4 15. fxe4 Qd7 16. Bd2 Rb8 17. e3 b5 18. exd4 exd4 19. Qe2 Ne5 20. Bf4 Rab7 21. Rbc1 bxc4 22. bxc4 Bg4 23. Qd2 a4 24. Ne1 Rb3 25. Ra1 Rb2 26. Qa5 Bh3 27. Rd1 Bxg2 28. Nxg2 Qh3 29. Rd2 Ng4 30. Ne1 Nxh2 31. Rff2 Rb1 32. Rde2 Bxf4 33. Rxh2 Qxg3+ 34. Rhg2 Be3+ 35. Kh1 Qh3+ 0-1

[Event "Edmonton Closed"]
[Site "Edmonton CAN"]
[Date "2005.02.10"]
[Round "3.2"]
[White "Haynes, Nicolas"]
[Black "Li, Zhichao"]
[Result "0-1"]
[WhiteElo "2050"]
[BlackElo "2210"]
[PlyCount "76"]
[GameId "2160767911031640"]
[EventDate "2005.01.13"]
[EventType "k.o."]
[EventRounds "4"]
[EventCountry "CAN"]
[WhiteTeam "Canada"]
[BlackTeam "Canada"]
[WhiteTeamCountry "CAN"]
[BlackTeamCountry "CAN"]

1. Nf3 d5 2. c4 c6 3. g3 Nf6 4. Bg2 Bf5 5. b3 Nbd7 6. Bb2 Qc7 7. O-O e5 8. d3 Be7 9. Nh4 Be6 10. Nd2 Rc8 11. e4 dxe4 12. dxe4 O-O 13. Nf5 Bc5 14. a3 Rfd8 15. b4 Bf8 16. Ne3 Ne8 17. Kh1 f6 18. Qe2 a5 19. Bc3 axb4 20. axb4 Ra8 21. Rab1 Ra2 22. Rfc1 Nb6 23. Rc2 Na4 24. Ba1 Rxc2 25. Nxc2 Qd7 26. Nb3 b5 27. Ne3 bxc4 28. Nxc4 Rb8 29. Nbd2 Rxb4 30. Rxb4 Bxb4 31. Bf1 Nd6 32. Nxd6 Qxd6 33. Nf3 h6 34. Qc2 Nb6 35. Kg2 c5 36. Nh4 Qd2 37. Bd3 Qxc2 38. Bxc2 Kf7 0-1

[Event "Edmonton Closed"]
[Site "Edmonton CAN"]
[Date "2005.02.12"]
[Round "4"]
[White "Rekhson, Vladislav"]
[Black "Li, Zhichao"]
[Result "1/2-1/2"]
[WhiteElo "2025"]
[BlackElo "2210"]
[PlyCount "54"]
[GameId "2160767911031641"]
[EventDate "2005.01.13"]
[EventType "k.o."]
[EventRounds "4"]
[EventCountry "CAN"]
[SourceTitle "EXT 2008"]
[Source "ChessBase"]
[SourceDate "2007.11.25"]
[SourceVersion "1"]
[SourceVersionDate "2007.11.25"]
[SourceQuality "1"]

1. e4 c5 2. c3 d5 3. exd5 Qxd5 4. d4 Nf6 5. Nf3 Bg4 6. Be2 cxd4 7. cxd4 e6 8. h3 Bh5 9. Nc3 Qd6 10. O-O Be7 11. Nb5 Qd8 12. Bf4 Nd5 13. Bh2 a6 14. Nc3 O-O 15. Rc1 Nc6 16. g4 Bg6 17. Ne5 Nxe5 18. Bxe5 Bg5 19. Ra1 Nf4 20. Bc4 Nxh3+ 21. Kh2 Nf4 22. Qf3 Rc8 23. Bxa6 bxa6 24. Bxf4 Bxf4+ 25. Qxf4 Rc4 26. Rad1 Qb6 27. Rd2 Rd8 1/2-1/2

[Event "Edmonton Closed"]
[Site "Edmonton CAN"]
[Date "2005.02.24"]
[Round "4.2"]
[White "Rekhson, Vladislav"]
[Black "Li, Zhichao"]
[Result "0-1"]
[WhiteElo "2039"]
[BlackElo "2210"]
[PlyCount "156"]
[GameId "2160767911031643"]
[EventDate "2005.01.13"]
[EventType "k.o."]
[EventRounds "4"]
[EventCountry "CAN"]
[WhiteTeam "Canada"]
[BlackTeam "Canada"]
[WhiteTeamCountry "CAN"]
[BlackTeamCountry "CAN"]

1. e4 c6 2. d4 d5 3. e5 c5 4. dxc5 e6 5. Qg4 Nc6 6. Nf3 Nge7 7. Bb5 Bd7 8. Nc3 Qc7 9. O-O Nf5 10. Bxc6 Qxc6 11. Nd4 Nxd4 12. Qxd4 Qxc5 13. Qh4 Qb4 14. Qg3 h5 15. h3 g6 16. Rd1 h4 17. Qe3 Rh5 18. a3 Qc5 19. Qf4 Qc7 20. Rxd5 Rf5 21. Rxd7 Qxd7 22. Qxh4 Rxe5 23. Be3 Rh5 24. Qg4 Bg7 25. Rd1 Qc6 26. Bd4 Kf8 27. Rd3 e5 28. Be3 Kg8 29. Qd7 e4 30. Qxc6 bxc6 31. Nxe4 Bxb2 32. Bd4 Bxd4 33. Rxd4 Kg7 34. Rc4 Re8 35. f3 Re6 36. Kf2 Ra5 37. a4 Rd5 38. h4 f5 39. Ng5 Rd2+ 40. Kg3 Ree2 41. Rxc6 Rxg2+ 42. Kf4 Rxc2 43. Ra6 Rc4+ 44. Ke5 Re2+ 45. Kd5 Rxh4 46. Rxa7+ Kh6 47. Nf7+ Kh5 48. Ne5 Kg5 49. Ra6 Rh1 50. Rxg6+ Kf4 51. Nd3+ Kxf3 52. Rf6 Rd1 53. Kc4 Re4+ 54. Kc3 Re3 55. Rxf5+ Kg4 56. Rd5 Ra1 57. Kd4 Re8 58. a5 Ra8 59. Ne5+ Kf4 60. Nd3+ Kg3 61. Rg5+ Kh4 62. Rd5 R8xa5 63. Rxa5 Rxa5 64. Kc4 Kg3 65. Kb4 Ra8 66. Nc5 Kf3 67. Na4 Ke3 68. Nb6 Rh8 69. Kc5 Ke4 70. Kb5 Kd4 71. Kc6 Rh6+ 72. Kb5 Rg6 73. Ka5 Rg5+ 74. Ka6 Kc5 75. Nd7+ Kc6 76. Nb8+ Kc7 77. Ka7 Ra5+ 78. Na6+ Kc6 0-1

[Event "Edmonton Dec op"]
[Site "Edmonton CAN"]
[Date "2005.12.01"]
[Round "1"]
[White "Hughey, Micah"]
[Black "Nisbet, Rob"]
[Result "1-0"]
[WhiteElo "1992"]
[BlackElo "1628"]
[PlyCount "64"]
[GameId "2160767738377108"]
[EventDate "2005.12.01"]
[EventType "swiss"]
[EventRounds "5"]
[EventCountry "CAN"]
[SourceTitle "EXT 2008"]
[Source "ChessBase"]
[SourceDate "2007.11.25"]
[SourceVersion "1"]
[SourceVersionDate "2007.11.25"]
[SourceQuality "1"]

1. e4 c5 2. c3 d5 3. exd5 Qxd5 4. d4 e6 5. Nf3 Nc6 6. Be3 cxd4 7. cxd4 Nf6 8. Nc3 Bb4 9. Bd3 Qa5 10. Qb3 Nd5 11. Rc1 O-O 12. O-O Nxc3 13. bxc3 Bd6 14. c4 Qa3 15. Qd1 f6 16. Qc2 f5 17. Qe2 e5 18. dxe5 Nxe5 19. Nxe5 Bxe5 20. c5 Bd7 21. c6 Bxh2+ 22. Kxh2 Qd6+ 23. Kg1 Bxc6 24. Rfd1 Qg6 25. f3 Rae8 26. Qf2 Qh5 27. Bc4+ Kh8 28. Rd4 Be4 29. fxe4 f4 30. Bxf4 b5 31. Be2 Qf7 32. Bxb5 Qb7 {And Black resigned.} 1-0

[Event "Edmonton Dec op"]
[Site "Edmonton CAN"]
[Date "2005.12.08"]
[Round "2"]
[White "Karmali, Hafiz"]
[Black "Gonzalez, Ivan1"]
[Result "1-0"]
[WhiteElo "1961"]
[BlackElo "1937"]
[PlyCount "77"]
[GameId "2160767910838206"]
[EventDate "2005.12.01"]
[EventType "swiss"]
[EventRounds "5"]
[EventCountry "CAN"]
[SourceTitle "EXT 2008"]
[Source "ChessBase"]
[SourceDate "2007.11.25"]
[SourceVersion "1"]
[SourceVersionDate "2007.11.25"]
[SourceQuality "1"]

1. d4 g6 2. e4 d6 3. c4 Bg7 4. Nc3 Nf6 5. f4 O-O 6. Nf3 Na6 7. Bd3 e5 8. fxe5 dxe5 9. d5 Nc5 10. Bc2 Nh5 11. Be3 Qe7 12. O-O Bg4 13. h3 Bd7 14. Qd2 f5 15. exf5 gxf5 16. Qf2 b6 17. Rae1 Nb7 18. Bg5 Qe8 19. Qh4 e4 20. Nxe4 fxe4 21. Bxe4 Kh8 22. Bxh7 Kxh7 23. Rxe8 Bxe8 24. g4 Bg6 25. gxh5 Bd3 26. h6 Bxb2 27. Rf2 Ba1 28. Be7 Rg8+ 29. Ng5+ Kh8 30. Rg2 Rae8 31. Nf7+ Kh7 32. Bf6 Rxg2+ 33. Kxg2 Re2+ 34. Kf3 Rxa2 35. Ng5+ Kg6 36. Bxa1 Rxa1 37. h7 Nd6 38. h8=Q Rf1+ 39. Kg2 1-0

[Event "Edmonton Dec op"]
[Site "Edmonton CAN"]
[Date "2005.12.08"]
[Round "2"]
[White "Mrugala, David"]
[Black "Hughey, Micah"]
[Result "0-1"]
[WhiteElo "1799"]
[BlackElo "1972"]
[PlyCount "136"]
[GameId "2160767910838207"]
[EventDate "2005.12.01"]
[EventType "swiss"]
[EventRounds "5"]
[EventCountry "CAN"]
[SourceTitle "EXT 2008"]
[Source "ChessBase"]
[SourceDate "2007.11.25"]
[SourceVersion "1"]
[SourceVersionDate "2007.11.25"]
[SourceQuality "1"]

1. c4 e6 2. d4 d5 3. Nc3 c5 4. e3 Nf6 5. Nf3 a6 6. b3 Nc6 7. Be2 cxd4 8. exd4 Bb4 9. Bd2 dxc4 10. bxc4 O-O 11. Rb1 Qe7 12. O-O Rd8 13. Na4 Bxd2 14. Qxd2 Nxd4 15. Nxd4 e5 16. Qe3 Rxd4 17. Nb6 Rb8 18. Bf3 Bf5 19. Rbd1 Rdd8 20. Nd5 Nxd5 21. Bxd5 b6 22. Rfe1 e4 23. f3 b5 24. cxb5 axb5 25. Bxe4 Bxe4 26. Rxd8+ Rxd8 27. Qxe4 Qd7 28. h3 g6 29. a3 Qd6 30. Qb4 Qxb4 31. axb4 Rd4 32. Re4 Rxe4 33. fxe4 Kg7 34. Kf2 Kf6 35. Ke3 Ke5 36. g3 h5 37. Kd3 g5 38. h4 gxh4 39. gxh4 Kf4 40. Kd4 Kg4 41. Kc5 Kxh4 42. Kxb5 Kg4 43. Kc5 h4 44. b5 h3 45. b6 h2 46. b7 h1=Q 47. b8=Q Qxe4 48. Qh2 Qe3+ 49. Kd5 Qf3+ 50. Kc5 f5 51. Qg1+ Qg3 52. Qd1+ Qf3 53. Qg1+ Qg3 54. Qd1+ Kg5 55. Qd8+ Kf4 56. Kc4 Qe3 57. Qh4+ Kf3 58. Qh3+ Ke4 59. Qh1+ Qf3 60. Qe1+ Kf4 61. Qh4+ Qg4 62. Qf2+ Ke5+ 63. Kd3 Qe4+ 64. Kd2 Qd4+ 65. Qxd4+ Kxd4 66. Ke2 Ke4 67. Kf2 Kf4 68. Kg2 Ke3 0-1

[Event "Edmonton Dec op"]
[Site "Edmonton CAN"]
[Date "2005.12.15"]
[Round "3"]
[White "Hughey, Micah"]
[Black "Grumic, Sasha"]
[Result "1-0"]
[WhiteElo "1972"]
[BlackElo "2113"]
[PlyCount "91"]
[GameId "2160767910838208"]
[EventDate "2005.12.01"]
[EventType "swiss"]
[EventRounds "5"]
[EventCountry "CAN"]
[SourceTitle "EXT 2008"]
[Source "ChessBase"]
[SourceDate "2007.11.25"]
[SourceVersion "1"]
[SourceVersionDate "2007.11.25"]
[SourceQuality "1"]

1. e4 d6 2. d4 Nf6 3. Nc3 Nbd7 4. Bc4 e5 5. Nf3 Be7 6. Bxf7+ Kxf7 7. Ng5+ Kg6 8. h4 h5 9. f4 exf4 10. Ne2 Qg8 11. Nxf4+ Kh6 12. Nfe6 Nf8 13. Nxc7 Kg6 14. Nxa8 Ne6 15. e5 dxe5 16. dxe5 Nxg5 17. exf6 Bb4+ 18. c3 Bc5 19. Bxg5 Bg4 20. Qd3+ Bf5 21. Qb5 Qd5 22. Qe2 gxf6 23. Nc7 Qd6 24. Be3 Qxc7 25. Bxc5 Qxc5 26. O-O-O b5 27. Qd2 b4 28. Qd4 Qc7 29. Qxb4 Rb8 30. Qd6 Qb7 31. b3 Rc8 32. Qd2 a5 33. Rhf1 a4 34. Kb2 Qe7 35. b4 Qe6 36. Rfe1 a3+ 37. Ka1 Qc4 38. Qd4 Qc6 39. Re3 Qa4 40. Rg3+ Kf7 41. Qd5+ Be6 42. Qb7+ Ke8 43. Rg8+ Bxg8 44. Qxc8+ Kf7 45. Qd7+ Qxd7 46. Rxd7+ 1-0